| 000 | 005180000a22001930004500 | ||
|---|---|---|---|
| 999 |
_c47314 _d47314 |
||
| 001 | 56 | ||
| 003 | CO-MdFUSB | ||
| 005 | 20170717143240.0 | ||
| 008 | 170717b xxu||||| |||| 00| 0 eng d | ||
| 020 | _a958-04-4978-3 | ||
| 040 | _cCO-MdBIC | ||
| 082 | 0 | 4 | _a863C F854vc |
| 100 | 1 | _aBurgeois,Paulette | |
| 245 | 1 | 0 | _aFranklin va al campamento / Paulette Bourgeois, Brenda Clark, TraduccĂon : Ana Cristina Robledo |
| 260 | _aBogotá : Norma | ||
| 300 | _a[ 24 P. ] | ||
| 650 | 1 | 4 | _aLiteratura infantil |
| 942 | _cLGB | ||